Are These Bands Still Active? - #1 - Statistics

General Stats
  • This quiz has been taken 37 times
  • The average score is 12 of 15
Answer Stats
Question Answer % Correct
The Beatles Disbanded
100%
Metallica Active
92%
Paramore Active
92%
Nirvana Disbanded
92%
Linkin Park Active
83%
The White Stripes Disbanded
83%
Journey Active
75%
Guns N' Roses Active
75%
The Rolling Stones Active
75%
Pearl Jam Active
75%
Tom Petty and the Heartbreakers Disbanded
75%
Led Zeppelin Disbanded
75%
The Police Disbanded
67%
Dire Straits Disbanded
50%
The Beach Boys Active
42%
No matching quizzes found
Score Distribution
Percent of People with Each Score
Percentile by Number Answered
Your Score History
You have not taken this quiz